Histology
About general principles and primary tissue and histology of the organ systems
Sparad:
| Huvudupphovsman: | |
|---|---|
| Materialtyp: | Bok |
| Språk: | Undetermined |
| Publicerad: |
Philadenphia
W. B. Saunders Company
1976
|
| Ämnen: | |
| Taggar: |
Lägg till en tagg
Inga taggar, Lägg till första taggen!
|
| Thư viện lưu trữ: | Trung tâm Học liệu Trường Đại học Cần Thơ |
|---|
| LEADER | 00601nam a2200193Ia 4500 | ||
|---|---|---|---|
| 001 | CTU_222392 | ||
| 008 | 210402s9999 xx 000 0 und d | ||
| 082 | |a 611 | ||
| 082 | |b L487 | ||
| 100 | |a Leeson, C. Roland | ||
| 245 | 0 | |a Histology | |
| 245 | 0 | |c C. Roland Leeson, Thomas S. Leeson | |
| 260 | |a Philadenphia | ||
| 260 | |b W. B. Saunders Company | ||
| 260 | |c 1976 | ||
| 520 | |a About general principles and primary tissue and histology of the organ systems | ||
| 650 | |a Giải phẫu người,Human anatomy | ||
| 904 | |i Hải | ||
| 980 | |a Trung tâm Học liệu Trường Đại học Cần Thơ | ||